| 000 | 00594nam a2200193 a 4500 | ||
|---|---|---|---|
| 005 | 20260309102639.0 | ||
| 008 | 040908s1996 cl r 000 0 spa d | ||
| 020 | _a9582003081 | ||
| 035 | _aUPN01000134612 | ||
| 049 | _aCG | ||
| 050 | 4 |
_aPQ7081 _bT4.4 |
|
| 100 | 1 | _aTheodosíadis, Francisco | |
| 245 | 1 | 0 |
_aLiteratura testimonial : _banálisis de un discurso periférico / _cFrancisco Theodosíadis. |
| 260 |
_aSantafé de Bogotá : _bMagisterio, _c1996. |
||
| 300 | _a130 p. | ||
| 440 | 0 |
_aMesa redonda ; _v50 |
|
| 650 | 4 |
_aLiteratura testimonial latinoamericana _915357 |
|
| 905 | _aLibro | ||
| 999 |
_c106763 _d106763 |
||